Diseases that start with H - Statistics

General Stats
  • This quiz has been taken 21 times
  • The average score is 5 of 28
Answer Stats
Answer % Correct
Hepatitis A
57%
Herpes
57%
Human Immunodeficiency Virus (HIV)
57%
Hepatitus B
36%
Hernia
36%
Hay fever
29%
Hemophilia
29%
Hepatitus C
29%
Huntington's Disease
21%
Hypertension
21%
Halitosis
14%
Hodgkin's Disease
14%
Hypothermia
14%
H1N1
7%
Hand, Foot, and Mouth Disease
7%
Hearing loss
7%
Heart attack
7%
Heart Murmur
7%
Hemorrhoids
7%
Human Papillomavirus Infection (HPV)
7%
Hyperlipidemia
7%
Hyperthyroidism
7%
Hypothyroidism
7%
Head Lice
0%
Heel Spur Syndrome
0%
Hemochromatosis
0%
Hyperglycemia
0%
Hyperhidrosis
0%
No matching quizzes found
Score Distribution
Percent of People with Each Score
Percentile by Number Answered
Your Score History
You have not taken this quiz